[Event "4NCL Division 2c"]
[Site "Telford, ENG"]
[Date "2018.03.18"]
[Round "8.11"]
[White "Antoniewski, Rafal"]
[Black "Lewis, Andrew P"]
[Result "1-0"]
[WhiteElo "2529"]
[BlackElo "2269"]
[PlyCount "75"]
[EventDate "2018.03.18"]
[WhiteTeam "Manx Liberty"]
[BlackTeam "Anglian Avengers 1"]

1. Nf3 Nf6 2. g3 g6 3. b3 c5 4. Bb2 Bg7 5. c4 d6 6. Bg2 e5 7. O-O O-O 8. Nc3
Nc6 9. d3 h6 10. Nd2 Be6 11. Nde4 Nh7 12. Nd5 Bxd5 13. cxd5 Ne7 14. Nc3 f5 15.
a3 g5 16. b4 cxb4 17. axb4 g4 18. e4 h5 19. exf5 Nxf5 20. Ne4 Bh6 21. h3 gxh3
22. Bxh3 Ng7 23. d4 Ng5 24. Nxg5 Qxg5 25. dxe5 dxe5 26. Qe2 h4 27. Qxe5 Rae8
28. Qxg5 Bxg5 29. Rxa7 hxg3 30. Rxb7 Re7 31. Rxe7 gxf2+ 32. Rxf2 Bxe7 33. Kg2
Bf6 34. d6 Bxb2 35. Rxb2 Rb8 36. b5 Ne8 37. d7 Nc7 38. Rc2 1-0

[Event "4NCL Division 2c"]
[Site "Telford, ENG"]
[Date "2018.03.18"]
[Round "8.12"]
[White "Player, Edmund C"]
[Black "Gonda, Laszlo"]
[Result "1/2-1/2"]
[WhiteElo "2230"]
[BlackElo "2515"]
[Annotator "Thorpe,Thomas"]
[PlyCount "53"]
[EventDate "2018.03.18"]
[WhiteTeam "Anglian Avengers 1"]
[BlackTeam "Manx Liberty"]

1. e4 e5 2. Nf3 Nc6 3. Bb5 a6 4. Ba4 Nf6 5. O-O Be7 6. d3 b5 7. Bb3 d6 8. a3
O-O 9. Nc3 Bg4 10. Be3 Nd4 11. Bxd4 exd4 12. Nd5 Nd7 13. h3 Bxf3 14. Qxf3 c6
15. Nf4 Rb8 16. Qg4 Kh8 17. Ne2 Bf6 18. f4 a5 19. Ng3 g6 20. Qe2 Bg7 21. f5 Qg5
22. Qf2 a4 23. Ba2 b4 24. Bc4 Qe3 25. b3 axb3 26. Bxb3 Be5 27. Ne2 {
Scoresheets Illegible} 1/2-1/2

[Event "4NCL Division 2c"]
[Site "Telford, ENG"]
[Date "2018.03.18"]
[Round "8.13"]
[White "Jaracz, Pawel"]
[Black "Talsma, Paul"]
[Result "1-0"]
[WhiteElo "2460"]
[BlackElo "2207"]
[PlyCount "87"]
[EventDate "2018.03.18"]
[WhiteTeam "Manx Liberty"]
[BlackTeam "Anglian Avengers 1"]

1. e4 e5 2. Nf3 Nc6 3. Bb5 a6 4. Ba4 Nf6 5. d3 d6 6. c3 g6 7. O-O Bg7 8. Re1
O-O 9. h3 Re8 10. Nbd2 b5 11. Bc2 Bb7 12. d4 Nb8 13. a4 Nbd7 14. Bd3 b4 15.
dxe5 Nxe5 16. Nxe5 dxe5 17. Qc2 c5 18. Nb3 Rc8 19. cxb4 cxb4 20. Qe2 Re6 21.
Bg5 Rd6 22. Red1 h6 23. Bxf6 Bxf6 24. Bc4 Rc7 25. Na5 Bc8 26. Bd5 Rc5 27. Nc4
Rd7 28. Rd3 Qc7 29. b3 Kg7 30. Rad1 Bg5 31. g3 Bf6 32. h4 h5 33. a5 Rd8 34. Qd2
Qb8 35. Kg2 Bg4 36. Ra1 Rc7 37. Ra4 Bd7 38. Rxb4 Bb5 39. Rf3 Rf8 40. Nd6 Be7
41. Nxf7 g5 42. Rf5 Bf1+ 43. Kxf1 Qxb4 44. Rxg5+ 1-0

[Event "4NCL Division 2c"]
[Site "Telford, ENG"]
[Date "2018.03.18"]
[Round "8.14"]
[White "Gallagher, Daniel GH"]
[Black "Galyas, Miklos"]
[Result "0-1"]
[WhiteElo "2200"]
[BlackElo "2509"]
[PlyCount "64"]
[EventDate "2018.03.18"]
[WhiteTeam "Anglian Avengers 1"]
[BlackTeam "Manx Liberty"]

1. e4 d6 2. d4 Nf6 3. Nc3 g6 4. f4 Bg7 5. Nf3 O-O 6. e5 dxe5 7. fxe5 Nd5 8. Bc4
Be6 9. Nxd5 Bxd5 10. Bxd5 Qxd5 11. Qe2 f6 12. c4 Qe6 13. d5 Qb6 14. Be3 Qb4+
15. Bd2 Qxb2 16. O-O fxe5 17. Rab1 Qxa2 18. Nxe5 Na6 19. Nd7 Rf5 20. Rxf5 Qxb1+
21. Rf1 Qb2 22. Qe6+ Kh8 23. Bf4 Qd4+ 24. Be3 Qc3 25. h3 Nb4 26. Rf7 Nc2 27.
Bf2 Nd4 28. Qxe7 Nf5 29. Rxf5 gxf5 30. Bh4 Rg8 31. Bf6 Qg3 32. Ne5 Qxg2+ 0-1

[Event "4NCL Division 2c"]
[Site "Telford, ENG"]
[Date "2018.03.18"]
[Round "8.15"]
[White "Kolbus, Dietmar"]
[Black "Tozer, Philip A A"]
[Result "1/2-1/2"]
[WhiteElo "2290"]
[BlackElo "2160"]
[PlyCount "44"]
[EventDate "2018.03.18"]
[WhiteTeam "Manx Liberty"]
[BlackTeam "Anglian Avengers 1"]

1. c4 e6 2. Nf3 Nf6 3. g3 d5 4. Bg2 dxc4 5. Qa4+ Bd7 6. Qxc4 c5 7. Ne5 Qc8 8.
O-O Nc6 9. Nxd7 Qxd7 10. Qa4 Rc8 11. Nc3 Be7 12. d3 O-O 13. Be3 b6 14. Rfc1
Rfd8 15. h3 h6 16. Rab1 Nd4 17. Qxd7 Rxd7 18. Bxd4 Rxd4 19. Nb5 Rd7 20. a4 Nd5
21. Na3 Rb8 22. Nc4 Bf6 1/2-1/2

[Event "4NCL Division 2c"]
[Site "Telford, ENG"]
[Date "2018.03.18"]
[Round "8.16"]
[White "Moore, Graham J"]
[Black "Dahl, Baard"]
[Result "1-0"]
[WhiteElo "2187"]
[BlackElo "2160"]
[PlyCount "51"]
[EventDate "2018.03.18"]
[WhiteTeam "Anglian Avengers 1"]
[BlackTeam "Manx Liberty"]

1. e4 e5 2. Nf3 Nc6 3. d4 exd4 4. Nxd4 Qf6 5. Be3 Bc5 6. c3 Nge7 7. Bc4 O-O 8.
O-O b6 9. Kh1 Bb7 10. f4 d5 11. e5 Qh6 12. Be2 Nxe5 13. b4 Bxd4 14. Bxd4 N5c6
15. Na3 Nxd4 16. cxd4 Nf5 17. Rf3 Qf6 18. Nc2 Rfe8 19. Bd3 g6 20. Bxf5 Qxf5 21.
Ne3 Qe4 22. f5 g5 23. h3 f6 24. Qd2 Re7 25. Ng4 Kg7 26. Re3 1-0

[Event "4NCL Division 2c"]
[Site "Telford, ENG"]
[Date "2018.03.18"]
[Round "8.17"]
[White "Akeya-Price, Robert"]
[Black "Cocks, Elliot"]
[Result "1-0"]
[WhiteElo "1885"]
[BlackElo "2065"]
[PlyCount "79"]
[EventDate "2018.03.18"]
[WhiteTeam "Manx Liberty"]
[BlackTeam "Anglian Avengers 1"]

1. d4 Nf6 2. c4 e6 3. Nf3 d5 4. g3 Bb4+ 5. Bd2 Bd6 6. Qc2 c6 7. Bg2 Nbd7 8. O-O
O-O 9. b3 Ne4 10. Nc3 f5 11. Qc1 Qe7 12. a4 a5 13. Ng5 Nxd2 14. Qxd2 Bb4 15. f4
Nf6 16. Qc2 Ng4 17. Qd2 c5 18. e3 Nxe3 19. Qxe3 cxd4 20. Qe5 Bxc3 21. cxd5 Ra6
22. Rac1 Kh8 23. Rfd1 Rb6 24. Nf3 Rb4 25. d6 Qf6 26. Qxa5 b6 27. Qe5 Bb7 28.
Ng5 Bc8 29. Bc6 Kg8 30. d7 Ba6 31. Qxe6+ Qxe6 32. Nxe6 Rb8 33. d8=Q+ Rxd8 34.
Nxd8 Be2 35. Re1 d3 36. Rxc3 d2 37. Kf2 d1=Q 38. Rxd1 Bxd1 39. Bd5+ Kf8 40. Nc6
1-0

[Event "4NCL Division 2c"]
[Site "Telford, ENG"]
[Date "2018.03.18"]
[Round "8.18"]
[White "Peck, Silas"]
[Black "Costello, John"]
[Result "1-0"]
[WhiteElo "2125"]
[BlackElo "1716"]
[PlyCount "33"]
[EventDate "2018.03.18"]
[WhiteTeam "Anglian Avengers 1"]
[BlackTeam "Manx Liberty"]

1. e4 d5 2. exd5 Qxd5 3. Nc3 Qd8 4. Nf3 Nf6 5. Bc4 e6 6. d4 a6 7. O-O b5 8. Bd3
Bb7 9. Qe2 Be7 10. Bg5 O-O 11. Rad1 Nbd7 12. Rfe1 h6 13. Bh4 Nd5 14. Qe4 g6 15.
Bxe7 Qxe7 16. Nxd5 Qd6 17. Ne7+ 1-0

[Event "4NCL Division 2c"]
[Site "Telford, ENG"]
[Date "2018.03.18"]
[Round "8.22"]
[White "Grieve, Harry"]
[Black "Cooper, Lawrence H"]
[Result "1/2-1/2"]
[WhiteElo "2216"]
[BlackElo "2335"]
[PlyCount "47"]
[EventDate "2018.03.18"]
[WhiteTeam "Guildford 3"]
[BlackTeam "Wood Green Monarchs"]

1. d4 d5 2. Bg5 h6 3. Bh4 c6 4. Nf3 Bf5 5. e3 Nd7 6. c4 Ngf6 7. Nc3 e6 8. Qb3
Qb6 9. c5 Qc7 10. Bg3 Qc8 11. Be2 Be7 12. Qa4 O-O 13. b4 a6 14. O-O Ne4 15.
Nxe4 Bxe4 16. Qb3 Bf6 17. a4 Re8 18. Qc3 Bxf3 19. Bxf3 e5 20. b5 axb5 21. axb5
exd4 22. exd4 Nf8 23. Rxa8 Qxa8 24. Ra1 1/2-1/2

[Event "4NCL Division 2c"]
[Site "Telford, ENG"]
[Date "2018.03.18"]
[Round "8.23"]
[White "Pein, Malcolm"]
[Black "Emerson, Roger"]
[Result "1/2-1/2"]
[WhiteElo "2342"]
[BlackElo "2213"]
[PlyCount "113"]
[EventDate "2018.03.18"]
[WhiteTeam "Wood Green Monarchs"]
[BlackTeam "Guildford 3"]

1. d4 d5 2. c4 e6 3. Nc3 Nf6 4. Bg5 c5 5. cxd5 Qb6 6. Bxf6 Qxb2 7. Rc1 gxf6 8.
e3 cxd4 9. exd4 Bb4 10. Bb5+ Bd7 11. Bxd7+ Nxd7 12. Nge2 Rc8 13. O-O Bxc3 14.
Qd3 Nb6 15. Rxc3 Rxc3 16. Nxc3 O-O 17. dxe6 fxe6 18. Qe3 Kh8 19. Qh6 Nd7 20.
Qe3 Nb6 21. Rb1 Qa3 22. Rb3 Qe7 23. Qe4 Qd7 24. h4 Rd8 25. Ne2 Nd5 26. h5 b6
27. h6 Ne7 28. Rc3 Nf5 29. Qf4 Rg8 30. Rc7 e5 31. Rxd7 exf4 32. Nxf4 Nxh6 33.
Rxa7 Re8 34. Kf1 Re4 35. Nd5 Ng8 36. Nxb6 Rxd4 37. a4 f5 38. a5 Nf6 39. Rf7 Nd5
40. g3 Nb4 41. Rxf5 Rd2 42. Rb5 Nd3 43. f4 Rf2+ 44. Kg1 Ra2 45. Nd5 Ne1 46. f5
Rd2 47. Rb8+ Kg7 48. Kf1 Nf3 49. Rb3 Rxd5 50. Rxf3 Rxa5 51. Kg2 Kf6 52. g4 h5
53. gxh5 Rxf5 54. h6 Rxf3 55. h7 Kg7 56. h8=B+ Kxh8 57. Kxf3 1/2-1/2

[Event "4NCL Division 2c"]
[Site "Telford, ENG"]
[Date "2018.03.18"]
[Round "8.24"]
[White "Osborne, Marcus E"]
[Black "Pein, Jonathan"]
[Result "1-0"]
[WhiteElo "2140"]
[BlackElo "2184"]
[PlyCount "67"]
[EventDate "2018.03.18"]
[WhiteTeam "Guildford 3"]
[BlackTeam "Wood Green Monarchs"]

1. d4 Nf6 2. c4 g6 3. g3 Bg7 4. Bg2 O-O 5. Nc3 d6 6. Nf3 c6 7. O-O Qa5 8. e4
Bg4 9. h3 Bxf3 10. Bxf3 Nfd7 11. Rb1 c5 12. d5 Qb4 13. Bd2 Qxc4 14. Be2 Qb4 15.
Nb5 Qxe4 16. Nc7 Ne5 17. Nxa8 Na6 18. Bc3 Rxa8 19. Re1 Nc7 20. Bxe5 Bxe5 21.
Bf3 Qc4 22. Re4 Qa6 23. a4 b5 24. Rxe5 dxe5 25. d6 exd6 26. Bxa8 Nxa8 27. b4
cxb4 28. axb5 Qb6 29. Rc1 Kg7 30. Rc6 Qxb5 31. Qxd6 b3 32. Rc5 Qe2 33. Rxe5 Qc2
34. Qd4 1-0

[Event "4NCL Division 2c"]
[Site "Telford, ENG"]
[Date "2018.03.18"]
[Round "8.25"]
[White "Longson, Sarah N"]
[Black "Bridge, Neil A"]
[Result "1-0"]
[WhiteElo "2192"]
[BlackElo "2064"]
[PlyCount "71"]
[EventDate "2018.03.18"]
[WhiteTeam "Wood Green Monarchs"]
[BlackTeam "Guildford 3"]

1. e4 c5 2. Nf3 d6 3. d4 cxd4 4. Nxd4 Nf6 5. Nc3 a6 6. h3 e5 7. Nb3 Be6 8. Be3
Be7 9. Qf3 O-O 10. O-O-O Qc7 11. g4 Nc6 12. g5 Nd7 13. Kb1 a5 14. Nd5 Qd8 15.
h4 a4 16. Nd2 a3 17. b3 Rc8 18. Nc4 Bxd5 19. exd5 Nb4 20. c3 b5 21. cxb4 bxc4
22. Bxc4 f5 23. gxf6 Nxf6 24. Rdg1 Rxc4 25. bxc4 Qc7 26. Rc1 Rb8 27. Bd2 Qa7
28. Qe3 Qd7 29. Ka1 Qf5 30. Qa7 Re8 31. Rhg1 Qd3 32. Qe3 Qf5 33. Qg5 Qxg5 34.
hxg5 Ne4 35. Be3 g6 36. f3 1-0

[Event "4NCL Division 2c"]
[Site "Telford, ENG"]
[Date "2018.03.18"]
[Round "8.26"]
[White "Punnett, Alan K"]
[Black "Sygnowski, Tomasz"]
[Result "1/2-1/2"]
[WhiteElo "2059"]
[BlackElo "2138"]
[PlyCount "80"]
[EventDate "2018.03.18"]
[WhiteTeam "Guildford 3"]
[BlackTeam "Wood Green Monarchs"]

1. e4 e6 2. d4 d5 3. Nc3 Nf6 4. Bg5 Be7 5. e5 Nfd7 6. h4 f6 7. exf6 Nxf6 8. Nf3
c5 9. Bb5+ Bd7 10. Qe2 Nc6 11. dxc5 O-O 12. O-O-O Rc8 13. Kb1 Bxc5 14. h5 Bb4
15. h6 g6 16. Rh4 Bxc3 17. bxc3 Qb6 18. Ka1 a6 19. Bxc6 Qxc6 20. c4 Qc7 21. Ne5
Ba4 22. Nxg6 hxg6 23. Qxe6+ Qf7 24. cxd5 Qxe6 25. dxe6 Bxc2 26. Re1 Nh7 27. Be3
Rfe8 28. Rd4 Rxe6 29. Rd7 Nf6 30. Rg7+ Kf8 31. Rxb7 Re7 32. Rb6 Nd5 33. Rxa6
Nxe3 34. fxe3 Rec7 35. g4 Kg8 36. Rb6 Rc4 37. Kb2 R8c7 38. e4 Kh7 39. g5 Rxe4
40. Rxe4 Bxe4 1/2-1/2

[Event "4NCL Division 2c"]
[Site "Telford, ENG"]
[Date "2018.03.18"]
[Round "8.27"]
[White "Manelidou, Maria"]
[Black "Shepley, Julien M"]
[Result "1/2-1/2"]
[WhiteElo "2112"]
[BlackElo "1982"]
[Annotator "Thorpe,Thomas"]
[PlyCount "202"]
[EventDate "2018.03.18"]
[WhiteTeam "Wood Green Monarchs"]
[BlackTeam "Guildford 3"]

1. e4 d5 2. exd5 Qxd5 3. Nf3 Bg4 4. Be2 Nc6 5. d4 O-O-O 6. Be3 Nf6 7. O-O e5 8.
c4 Qa5 9. d5 Bxf3 10. Bxf3 Qb4 11. Qc2 Na5 12. Nd2 b6 13. a3 Qe7 14. b4 Nb7 15.
Rfe1 g6 16. Qa4 Kb8 17. Qa6 Qd7 18. Rac1 Nd6 19. c5 Qb5 20. Qxb5 Nxb5 21. Bg5
Bg7 22. Nc4 Nd4 23. cxb6 Nxf3+ 24. gxf3 axb6 25. Rxe5 h6 26. Bh4 g5 27. Bg3
Nxd5 28. Rf5 Rd7 29. Ne5 Bxe5 30. Bxe5 f6 31. Bg3 Kb7 32. b5 h5 33. h4 gxh4 34.
Bxh4 {Scoresheets Illegible} Rh6 35. Kh2 Rd8 36. Re1 c5 37. Rd1 Ne3 38. Rxf6
Rxd1 39. Rxh6 Nc2 40. Rh7+ Kc8 41. Rh8+ Kb7 42. Rh7+ Kc8 43. a4 Rd4 44. Bg3
Rxa4 45. Rc7+ Kd8 46. Rc6 Nd4 47. Rxb6 Nxf3+ 48. Kg2 Nh4+ 49. Kf1 Nf5 50. Be5
Kd7 51. Rf6 Nd4 52. b6 Rb4 53. Rd6+ Ke7 54. Rh6 Kd7 55. Rd6+ Ke7 56. Rh6 Kd7
57. Bc7 Ne6 58. Rxh5 Nxc7 59. Rh7+ Kd8 60. Rxc7 Rxb6 61. Rxc5 Ke7 62. Ke2 Kf7
63. Ke3 Rb4 64. Rc6 Ra4 65. f4 Kg7 66. Kf3 Rb4 67. Kg4 Ra4 68. Kf5 Ra5+ 69. Kg4
Ra4 70. Kg5 Ra5+ 71. f5 Ra1 72. Rc7+ Kg8 73. Kg6 Rg1+ 74. Kf6 Rg2 75. Rc8+ Kh7
76. Re8 Rg1 77. Kf7 Rg7+ 78. Ke6 Rg1 79. f6 Re1+ 80. Kf7 Ra1 81. Re7 Ra8 82.
Ke6+ Kg8 83. Rg7+ Kh8 84. Rg2 Kh7 85. Rg7+ Kh8 86. Rd7 Ra1 87. Kf7 Kh7 88. Re7
Ra8 89. Ke6+ Kg8 90. Kf5 Ra1 91. Rg7+ Kh8 92. Rg2 Kh7 93. Rg7+ Kh8 94. Re7 Kg8
95. Re5 Kf7 96. Re7+ Kg8 97. Rg7+ Kh8 98. Rg4 Kh7 99. Re4 Kg8 100. Re5 Kf7 101.
Re7+ Kg8 1/2-1/2

[Event "4NCL Division 2c"]
[Site "Telford, ENG"]
[Date "2018.03.18"]
[Round "8.28"]
[White "Stimpson, Philip M"]
[Black "Guha, Chirag"]
[Result "0-1"]
[WhiteElo "1934"]
[BlackElo "1982"]
[PlyCount "128"]
[EventDate "2018.03.18"]
[WhiteTeam "Guildford 3"]
[BlackTeam "Wood Green Monarchs"]

1. e4 e5 2. Nf3 Nc6 3. d4 exd4 4. Nxd4 Bc5 5. Be3 Qf6 6. c3 Nge7 7. Bc4 Ne5 8.
Be2 Qg6 9. O-O d6 10. Kh1 O-O 11. f4 Ng4 12. Bg1 Bxd4 13. cxd4 f5 14. e5 dxe5
15. dxe5 Be6 16. Nc3 Rfd8 17. Qe1 Nd5 18. Nxd5 Bxd5 19. Qg3 h5 20. Bf3 Bxf3 21.
Qxf3 c6 22. Rad1 Qe6 23. Qb3 Qxb3 24. axb3 Kf7 25. h3 Nh6 26. Bf2 Ng8 27. Bh4
Ne7 28. Bxe7 Kxe7 29. Kg1 Rac8 30. Kf2 Rd5 31. Ke2 Rcd8 32. Rxd5 Rxd5 33. Rd1
Rb5 34. Rd3 a5 35. Kd2 Rb4 36. g3 h4 37. Kc3 hxg3 38. Rxg3 Rxf4 39. Rxg7+ Ke6
40. Rxb7 Kxe5 41. Ra7 Kd5 42. Rxa5+ c5 43. Ra8 Rf3+ 44. Kc2 Rxh3 45. Rd8+ Ke4
46. Re8+ Kf3 47. Re5 f4 48. Rxc5 Kg2 49. b4 f3 50. Rf5 f2 51. Rxf2+ Kxf2 52. b5
Rh5 53. Kc3 Rxb5 54. b4 Ke3 55. Kc4 Rb8 56. b5 Ke4 57. Kc5 Ke5 58. Kc6 Ke6 59.
b6 Rc8+ 60. Kb7 Kd7 61. Ka7 Rh8 62. Kb7 Rg8 63. Ka7 Kc6 64. b7 Kc7 0-1

[Event "4NCL Division 2c"]
[Site "Telford, ENG"]
[Date "2018.03.18"]
[Round "8.31"]
[White "Cornette, Deimante"]
[Black "Polaczek, Richard"]
[Result "1-0"]
[WhiteElo "2447"]
[BlackElo "2389"]
[PlyCount "59"]
[EventDate "2018.03.18"]
[WhiteTeam "Celtic Tigers"]
[BlackTeam "Manchester Manticores 1"]

1. e4 e6 2. d4 d5 3. Nd2 Nf6 4. e5 Nfd7 5. Bd3 c5 6. c3 Nc6 7. Ne2 cxd4 8. cxd4
f6 9. exf6 Qxf6 10. Nf3 h6 11. O-O Bd6 12. Ng3 O-O 13. Bc2 Rf7 14. Re1 Nf8 15.
Nh5 Qd8 16. Ne5 Nxe5 17. dxe5 Bc5 18. Be3 d4 19. Bf4 Qb6 20. Qe2 Bd7 21. Bd3 a6
22. Bxh6 gxh6 23. Qg4+ Kh8 24. Nf6 Nh7 25. Bxh7 Qd8 26. Bd3 Rxf6 27. exf6 Qxf6
28. Qe4 Qg7 29. Qxb7 Rg8 30. g3 1-0

[Event "4NCL Division 2c"]
[Site "Telford, ENG"]
[Date "2018.03.18"]
[Round "8.32"]
[White "Peacock, Malcolm R"]
[Black "Kulon, Klaudia"]
[Result "1/2-1/2"]
[WhiteElo "2080"]
[BlackElo "2326"]
[PlyCount "83"]
[EventDate "2018.03.18"]
[WhiteTeam "Manchester Manticores 1"]
[BlackTeam "Celtic Tigers"]

1. c4 Nf6 2. g3 g6 3. Bg2 Bg7 4. Nc3 O-O 5. d3 d6 6. Bg5 h6 7. Bd2 Nc6 8. Rb1
a5 9. e4 Nd4 10. Nce2 c5 11. Nxd4 cxd4 12. Ne2 Nd7 13. O-O Nc5 14. Be1 Rb8 15.
f4 f5 16. b4 axb4 17. Bxb4 fxe4 18. Bxc5 dxc5 19. Bxe4 Kh7 20. Qd2 b6 21. Rb3
Bb7 22. Bxb7 Rxb7 23. Rfb1 Qc7 24. a4 Ra8 25. Qa2 Qc6 26. Rb5 Qf3 27. Qc2 Ra6
28. Nc1 h5 29. Qg2 Qe3+ 30. Kf1 Rd7 31. Qe2 Rd6 32. Qxe3 dxe3 33. Ke2 Bd4 34.
Kf3 g5 35. fxg5 Ra8 36. Rxb6 Rdd8 37. Ne2 e5 38. Ke4 Rxa4 39. Rh6+ Kg8 40. Rb7
Ra2 41. Rg6+ Kh8 42. Rh6+ 1/2-1/2

[Event "4NCL Division 2c"]
[Site "Telford, ENG"]
[Date "2018.03.18"]
[Round "8.33"]
[White "Maciol, Ryszard"]
[Black "Mazek, Marek"]
[Result "1-0"]
[WhiteElo "2155"]
[BlackElo "2110"]
[PlyCount "163"]
[EventDate "2018.03.18"]
[WhiteTeam "Celtic Tigers"]
[BlackTeam "Manchester Manticores 1"]

1. d4 d5 2. c4 c6 3. cxd5 cxd5 4. Nc3 Nf6 5. Bf4 a6 6. e3 Nc6 7. Bd3 Bg4 8. f3
Bc8 9. Nge2 e6 10. Bg5 Be7 11. O-O O-O 12. Rc1 Bd7 13. Bh4 b5 14. Nf4 h6 15.
Bf2 Qb8 16. Nfe2 Rc8 17. Ng3 Na5 18. e4 Nc4 19. Qe2 b4 20. Nb1 Bb5 21. b3 Na3
22. Nxa3 Bxd3 23. Qxd3 bxa3 24. Rxc8+ Qxc8 25. Ne2 Qb7 26. e5 Ne8 27. Rc1 Rc8
28. Be3 Rc6 29. Kf2 Nc7 30. f4 Nb5 31. f5 exf5 32. Qxf5 Rxc1 33. Bxc1 Qc6 34.
Bd2 Bd8 35. Qd3 Bb6 36. Be3 Ba5 37. g3 Qc8 38. Kg2 Qc6 39. g4 f6 40. Qg6 Qe6
41. exf6 Qf7 42. Qxg7+ Qxg7 43. fxg7 Kxg7 44. Bf4 Bc3 45. Be5+ Kf7 46. Kf3 Bb2
47. Ke3 Na7 48. Bd6 Nc6 49. Kd3 Kg6 50. h4 Kf7 51. Bc5 Na5 52. Kc2 Nc6 53. b4
Nd8 54. Kd3 Ne6 55. Bd6 Ke8 56. Be5 Kd7 57. Nf4 Bxd4 58. Bxd4 Nxf4+ 59. Kc2 h5
60. gxh5 Nxh5 61. Kb3 Ke6 62. Kxa3 Kf5 63. Ka4 Ke4 64. Bb2 Kd3 65. Ka5 Kc4 66.
a3 Nf4 67. Kxa6 Kb3 68. Bc1 Nd3 69. h5 Nxc1 70. h6 d4 71. h7 d3 72. h8=Q d2 73.
Qd4 Kc2 74. Qc4+ Kb2 75. Qf1 Kc2 76. b5 Nb3 77. b6 Nc5+ 78. Kb5 Nb7 79. Qc4+
Kb2 80. Qd3 Kc1 81. Qc3+ Kd1 82. Ka6 1-0

[Event "4NCL Division 2c"]
[Site "Telford, ENG"]
[Date "2018.03.18"]
[Round "8.34"]
[White "Jayawarna, Nugith"]
[Black "Kemp, Peter D"]
[Result "1/2-1/2"]
[WhiteElo "2110"]
[BlackElo "2122"]
[PlyCount "37"]
[EventDate "2018.03.18"]
[WhiteTeam "Manchester Manticores 1"]
[BlackTeam "Celtic Tigers"]

1. c4 Nf6 2. Nc3 c6 3. d4 d5 4. Nf3 e6 5. cxd5 exd5 6. Qc2 Be7 7. Bg5 O-O 8. e3
Ne4 9. Bxe7 Qxe7 10. Bd3 f5 11. O-O Be6 12. Rab1 a5 13. Ne5 Nd7 14. Nxd7 Bxd7
15. Na4 Rf6 16. f3 Nd6 17. Rbe1 Raf8 18. Nc5 Bc8 19. a3 1/2-1/2

[Event "4NCL Division 2c"]
[Site "Telford, ENG"]
[Date "2018.03.18"]
[Round "8.35"]
[White "Quinn, John M"]
[Black "Hamer, Martyn"]
[Result "1/2-1/2"]
[WhiteElo "2155"]
[BlackElo "2102"]
[PlyCount "50"]
[EventDate "2018.03.18"]
[WhiteTeam "Celtic Tigers"]
[BlackTeam "Manchester Manticores 1"]

1. d4 Nc6 2. c4 e5 3. d5 Nce7 4. e4 Ng6 5. Nf3 Nf6 6. Nc3 Bc5 7. h3 O-O 8. Bd3
a6 9. a3 d6 10. Qc2 Ne8 11. Bg5 f6 12. Bd2 Ne7 13. g4 c6 14. b4 Ba7 15. Rc1
cxd5 16. cxd5 Bd7 17. Nd1 Rc8 18. Qb2 Rxc1 19. Qxc1 g6 20. Be3 Bxe3 21. Nxe3
Ng7 22. Nc4 Bb5 23. O-O Bxc4 24. Bxc4 Qd7 25. Qe3 Rc8 1/2-1/2

[Event "4NCL Division 2c"]
[Site "Telford, ENG"]
[Date "2018.03.18"]
[Round "8.36"]
[White "Kay, Lee P"]
[Black "Skulte, Christopher"]
[Result "0-1"]
[WhiteElo "2050"]
[BlackElo "1955"]
[PlyCount "112"]
[EventDate "2018.03.18"]
[WhiteTeam "Manchester Manticores 1"]
[BlackTeam "Celtic Tigers"]

1. e4 d5 2. exd5 Nf6 3. d4 Bg4 4. Nf3 Qxd5 5. Be2 e6 6. O-O Nbd7 7. c4 Qd6 8.
c5 Qc6 9. b4 Ne4 10. Qb3 Be7 11. Bc4 b5 12. Be2 O-O 13. Nc3 Nxc3 14. Qxc3 Bf6
15. h3 Bh5 16. Ne5 Nxe5 17. Bxh5 Qd5 18. Bb2 Nc6 19. Bf3 Qd7 20. Rad1 Rad8 21.
Bxc6 Qxc6 22. Rd3 Rd5 23. Rfd1 Rfd8 24. f4 Qd7 25. Kf2 e5 26. fxe5 Bxe5 27. Kg1
c6 28. Qd2 Bf6 29. Kh1 Bg5 30. Qf2 Bf6 31. Bc3 h6 32. Qe3 Re8 33. Qf2 Re4 34.
Qg1 Qe6 35. Qf1 Re2 36. R3d2 Re3 37. Rd3 Rf5 38. Qg1 Rxd3 39. Rxd3 Qxa2 40. Qe1
Qd5 41. Qa1 Rf2 42. Qg1 Qf5 43. Rd1 Bg5 44. d5 Qc2 45. dxc6 Rxg2 46. Qxg2 Qxd1+
47. Qg1 Qf3+ 48. Qg2 Qxc3 49. c7 Qe1+ 50. Qg1 Qe6 51. Qg2 Bf4 52. Qa8+ Kh7 53.
c8=Q Qe1+ 54. Kg2 Qe2+ 55. Kg1 Be3+ 56. Kh1 Qf1+ 0-1

[Event "4NCL Division 2c"]
[Site "Telford, ENG"]
[Date "2018.03.18"]
[Round "8.37"]
[White "Way, Julian M"]
[Black "Newton, Robert A"]
[Result "0-1"]
[WhiteElo "2020"]
[BlackElo "2035"]
[PlyCount "52"]
[EventDate "2018.03.18"]
[WhiteTeam "Celtic Tigers"]
[BlackTeam "Manchester Manticores 1"]

1. e4 c5 2. Nc3 a6 3. Nge2 Nc6 4. g3 g6 5. Bg2 Bg7 6. O-O e6 7. d3 Nge7 8. Be3
d6 9. d4 cxd4 10. Nxd4 O-O 11. Nb3 b5 12. a3 Qc7 13. f4 Rb8 14. Qe2 b4 15. axb4
Nxb4 16. Nd4 e5 17. fxe5 dxe5 18. Nb3 f5 19. Kh1 f4 20. Bc5 Be6 21. Bxe7 Qxe7
22. Nc1 Qg5 23. Nd3 fxg3 24. hxg3 Qxg3 25. Nf2 Bh6 26. Ncd1 Bf4 0-1

[Event "4NCL Division 2c"]
[Site "Telford, ENG"]
[Date "2018.03.18"]
[Round "8.38"]
[White "Whitehead, Mark A"]
[Black "Larter, Nick J"]
[Result "1-0"]
[WhiteElo "1960"]
[BlackElo "1852"]
[PlyCount "85"]
[EventDate "2018.03.18"]
[WhiteTeam "Manchester Manticores 1"]
[BlackTeam "Celtic Tigers"]

1. e4 c5 2. Nc3 a6 3. g3 b5 4. Bg2 Bb7 5. d3 e6 6. Nh3 Nf6 7. O-O b4 8. Nb1 Be7
9. f4 c4 10. Be3 h5 11. Nf2 Qc7 12. Nd2 c3 13. bxc3 bxc3 14. Nb3 a5 15. a4 Na6
16. d4 d5 17. e5 Ne4 18. Nd3 Nb4 19. f5 Bc8 20. fxe6 Bxe6 21. Nf4 Bg4 22. Qc1
Be6 23. Nxe6 fxe6 24. Bh3 Ra6 25. Qd1 Bg5 26. Bxg5 Nxg5 27. Bg2 Qe7 28. Qe2 Ra8
29. h4 Nf7 30. Qb5+ Kf8 31. Rf2 Kg8 32. Raf1 Nd8 33. Nxa5 Kh7 34. Nb3 Nbc6 35.
Qd3+ g6 36. Rf6 Rg8 37. Bf3 Qa7 38. Bxh5 Nxe5 39. Qe2 Nec6 40. Bxg6+ Kg7 41.
Qg4 Ne5 42. Qg5 Nef7 43. Bxf7+ 1-0

[Event "4NCL Division 2c"]
[Site "Telford, ENG"]
[Date "2018.03.18"]
[Round "8.41"]
[White "Milson, Samuel A"]
[Black "Mueller, Constantin"]
[Result "0-1"]
[WhiteElo "2101"]
[BlackElo "2272"]
[PlyCount "98"]
[EventDate "2018.03.18"]
[WhiteTeam "Grantham Sharks 2"]
[BlackTeam "North East England"]

1. e4 e6 2. d4 d5 3. Nc3 Bb4 4. exd5 exd5 5. Bd3 Qf6 6. Nge2 c6 7. Bf4 Bd6 8.
Qd2 Bxf4 9. Qxf4 Qxf4 10. Nxf4 g5 11. Nh5 Na6 12. Bxa6 bxa6 13. h4 f6 14. O-O-O
Kf7 15. hxg5 fxg5 16. Rde1 Ne7 17. Re5 h6 18. Rhe1 Ng6 19. R5e3 Bg4 20. Ng3 h5
21. f3 Bd7 22. Na4 h4 23. Nf1 Rad8 24. Nc5 Bc8 25. Nd3 h3 26. gxh3 Rxh3 27. Nd2
Rdh8 28. Ne5+ Nxe5 29. Rxe5 Kf6 30. c4 Rh1 31. Kc2 Rxe1 32. Rxe1 Rh3 33. b3
Bf5+ 34. Kb2 Rh2 35. Kc3 c5 36. Rd1 cxd4+ 37. Kb2 dxc4 38. bxc4 Ke5 39. Kc1 Kf4
40. c5 a5 41. Re1 a4 42. a3 Rh7 43. Kb2 Rb7+ 44. Ka2 Rc7 45. Rc1 Ke3 46. Nc4+
Ke2 47. Nd6 Be6+ 48. Ka1 d3 49. Ne4 Bd5 0-1